<?xml version="1.0" encoding="UTF-8"?>
<record
    xmlns:xsi="http://www.w3.org/2001/XMLSchema-instance"
    xsi:schemaLocation="http://www.loc.gov/MARC21/slim http://www.loc.gov/standards/marcxml/schema/MARC21slim.xsd"
    xmlns="http://www.loc.gov/MARC21/slim">

  <leader>01413nam2a22002771  4500</leader>
  <controlfield tag="001">rc\335206</controlfield>
  <controlfield tag="005">20250612174950.0</controlfield>
  <datafield tag="035" ind1=" " ind2=" ">
    <subfield code="a">(NLR Aleph) 008763146</subfield>
  </datafield>
  <datafield tag="090" ind1=" " ind2=" ">
    <subfield code="a">7877745</subfield>
    <subfield code="c">7877745</subfield>
  </datafield>
  <datafield tag="100" ind1=" " ind2=" ">
    <subfield code="a">20030307d1990    |||y0rusy50      ca</subfield>
  </datafield>
  <datafield tag="101" ind1="0" ind2=" ">
    <subfield code="a">rus</subfield>
  </datafield>
  <datafield tag="102" ind1=" " ind2=" ">
    <subfield code="a">RU</subfield>
  </datafield>
  <datafield tag="105" ind1=" " ind2=" ">
    <subfield code="a">a   |||||||||</subfield>
  </datafield>
  <datafield tag="200" ind1="0" ind2=" ">
    <subfield code="a">&#x427;. 2</subfield>
    <subfield code="f">&#x41A;.&#x412;. &#x411;&#x430;&#x43A;&#x43B;&#x430;&#x43D;&#x43E;&#x432;, &#x41E;.&#x410;. &#x428;&#x43F;&#x438;&#x433;&#x443;&#x43D;, &#x410;.&#x410;. &#x418;&#x432;&#x430;&#x43D;&#x43E;&#x432;, &#x421;.&#x421;. &#x41A;&#x440;&#x438;&#x432;&#x43E;&#x43B;&#x430;&#x43F;&#x43E;&#x432;</subfield>
  </datafield>
  <datafield tag="210" ind1=" " ind2=" ">
    <subfield code="d">1990</subfield>
    <subfield code="a">&#x411;. &#x43C;.</subfield>
  </datafield>
  <datafield tag="215" ind1=" " ind2=" ">
    <subfield code="a">54, [2] &#x441;.</subfield>
    <subfield code="c">&#x438;&#x43B;.</subfield>
    <subfield code="d">21</subfield>
  </datafield>
  <datafield tag="225" ind1="1" ind2=" ">
    <subfield code="a">&#x425;&#x438;&#x43C;&#x438;&#x447;&#x435;&#x441;&#x43A;&#x430;&#x44F; &#x43F;&#x440;&#x43E;&#x43C;&#x44B;&#x448;&#x43B;&#x435;&#x43D;&#x43D;&#x43E;&#x441;&#x442;&#x44C;</subfield>
    <subfield code="i">&#x421;&#x435;&#x440;. "&#x420;&#x435;&#x430;&#x43A;&#x442;&#x438;&#x432;&#x44B; &#x438; &#x43E;&#x441;&#x43E;&#x431;&#x43E; &#x447;&#x438;&#x441;&#x442;&#x44B;&#x435; &#x432;&#x435;&#x449;&#x435;&#x441;&#x442;&#x432;&#x430;"</subfield>
  </datafield>
  <datafield tag="225" ind1="1" ind2=" ">
    <subfield code="a">&#x41F;&#x440;&#x43E;&#x438;&#x437;&#x432;&#x43E;&#x434;&#x441;&#x442;&#x432;&#x43E; &#x43C;&#x43E;&#x43D;&#x43E;&#x43C;&#x435;&#x440;&#x43E;&#x432;</subfield>
    <subfield code="f">...</subfield>
  </datafield>
  <datafield tag="320" ind1=" " ind2=" ">
    <subfield code="a">&#x411;&#x438;&#x431;&#x43B;&#x438;&#x43E;&#x433;&#x440;.: &#x441;. 47-55 (113 &#x43D;&#x430;&#x437;&#x432;.)</subfield>
  </datafield>
  <datafield tag="461" ind1=" " ind2="0">
    <subfield code="1">001rc\335204</subfield>
    <subfield code="1">2001#$a&#x418;&#x43E;&#x43D;&#x43D;&#x430;&#x44F; &#x445;&#x440;&#x43E;&#x43C;&#x430;&#x442;&#x43E;&#x433;&#x440;&#x430;&#x444;&#x438;&#x44F;. &#x410;&#x43D;&#x430;&#x43B;&#x438;&#x437; &#x43E;&#x440;&#x433;&#x430;&#x43D;&#x438;&#x447;&#x435;&#x441;&#x43A;&#x438;&#x445; &#x441;&#x43E;&#x435;&#x434;&#x438;&#x43D;&#x435;&#x43D;&#x438;&#x439;$f&#x421;.&#x412;. &#x41F;&#x443;&#x440;&#x434;&#x438;&#x43D;, &#x41E;.&#x410;. &#x428;&#x43F;&#x438;&#x433;&#x443;&#x43D;, &#x421;.&#x421;. &#x41A;&#x440;&#x438;&#x432;&#x43E;&#x43B;&#x430;&#x43F;&#x43E;&#x432;, &#x410;.&#x410;. &#x418;&#x432;&#x430;&#x43D;&#x43E;&#x432;$v&#x427;. 2</subfield>
    <subfield code="9">9551482</subfield>
    <subfield code="c">&#x41C;.</subfield>
    <subfield code="d">1989-</subfield>
    <subfield code="f">&#x421;.&#x412;. &#x41F;&#x443;&#x440;&#x434;&#x438;&#x43D;, &#x41E;.&#x410;. &#x428;&#x43F;&#x438;&#x433;&#x443;&#x43D;, &#x421;.&#x421;. &#x41A;&#x440;&#x438;&#x432;&#x43E;&#x43B;&#x430;&#x43F;&#x43E;&#x432;, &#x410;.&#x410;. &#x418;&#x432;&#x430;&#x43D;&#x43E;&#x432;</subfield>
    <subfield code="n">&#x41D;&#x418;&#x418;&#x422;&#x42D;&#x445;&#x438;&#x43C;</subfield>
    <subfield code="t">&#x418;&#x43E;&#x43D;&#x43D;&#x430;&#x44F; &#x445;&#x440;&#x43E;&#x43C;&#x430;&#x442;&#x43E;&#x433;&#x440;&#x430;&#x444;&#x438;&#x44F;. &#x410;&#x43D;&#x430;&#x43B;&#x438;&#x437; &#x43E;&#x440;&#x433;&#x430;&#x43D;&#x438;&#x447;&#x435;&#x441;&#x43A;&#x438;&#x445; &#x441;&#x43E;&#x435;&#x434;&#x438;&#x43D;&#x435;&#x43D;&#x438;&#x439;</subfield>
    <subfield code="v">&#x427;. 2</subfield>
  </datafield>
  <datafield tag="701" ind1=" " ind2="1">
    <subfield code="a">&#x411;&#x430;&#x43A;&#x43B;&#x430;&#x43D;&#x43E;&#x432;</subfield>
    <subfield code="b">&#x41A;.&#x412;.</subfield>
    <subfield code="g">&#x41A;&#x438;&#x440;&#x438;&#x43B;&#x43B; &#x412;&#x43B;&#x430;&#x434;&#x438;&#x43C;&#x438;&#x440;&#x43E;&#x432;&#x438;&#x447;</subfield>
  </datafield>
  <datafield tag="801" ind1=" " ind2="0">
    <subfield code="a">RU</subfield>
    <subfield code="b">NLR</subfield>
    <subfield code="g">psbo</subfield>
  </datafield>
  <datafield tag="801" ind1=" " ind2="1">
    <subfield code="a">RU</subfield>
    <subfield code="b">ELAR</subfield>
    <subfield code="2">rusmarc</subfield>
  </datafield>
  <datafield tag="852" ind1=" " ind2=" ">
    <subfield code="a">NLR</subfield>
    <subfield code="j">90-4/346</subfield>
  </datafield>
  <datafield tag="942" ind1=" " ind2=" ">
    <subfield code="c">BOOK</subfield>
  </datafield>
  <datafield tag="980" ind1=" " ind2=" ">
    <subfield code="a">NB</subfield>
  </datafield>
  <datafield tag="995" ind1=" " ind2=" ">
    <subfield code="5">2013-10-26</subfield>
    <subfield code="b">NLR01</subfield>
    <subfield code="c">NLR01</subfield>
    <subfield code="e">RF9</subfield>
    <subfield code="f">8763146-10</subfield>
    <subfield code="k">90-4/346</subfield>
    <subfield code="o">0</subfield>
    <subfield code="r">BOOK</subfield>
    <subfield code="s">904346_</subfield>
  </datafield>
</record>
